|
|
|
|
| LEADER |
00000nab a2200000 a 4500 |
| 001 |
vtls000428072 |
| 003 |
SK-MaSNL |
| 005 |
20260303175405.0 |
| 008 |
120925c1991 xo 0 slo |
| 015 |
|
|
|a SNBRB19rr/mm-uuuuu
|
| 035 |
|
|
|a CL0428200
|
| 040 |
|
|
|a SNKBUCL
|b slo
|c SNKBUCL
|e AACR2
|
| 041 |
0 |
|
|a slo
|
| 044 |
|
|
|a xo
|c SK
|
| 080 |
|
|
|a 792.091.4.077
|2 1981
|
| 080 |
|
|
|a 792.077
|2 1981
|
| 100 |
1 |
|
|a Císař, Jan,
|d 1932-
|4 aut
|9 104405
|
| 245 |
1 |
0 |
|a Priepasť medzi javiskom a hľadiskom
|c Jan Císař
|
| 611 |
2 |
7 |
|a Jiráskův Hronov
|n (61. : 1991 : Hronov, Česko)
|2 snkbucl
|9 111289
|
| 648 |
|
7 |
|a 1991
|2 snkbucl
|9 277043
|
| 650 |
0 |
7 |
|a ochotnícke divadlo
|2 snkbucl
|9 3349
|
| 650 |
0 |
7 |
|a divadelné festivaly a prehliadky
|2 snkbucl
|9 3350
|
| 651 |
|
7 |
|a Hronov (Česko)
|2 snkbucl
|9 79641
|
| 655 |
|
7 |
|a články z novín a časopisov
|2 snkbucl
|9 267496
|
| 773 |
0 |
|
|t Národná obroda
|g Roč. 2, č. 209 (6. 9. 1991), s. 12
|
| 850 |
|
|
|a Slovenská národná knižnica v Martine
|a MTA001
|
| 852 |
|
|
|a SNK
|b KIS3GCP
|
| 992 |
|
|
|a RBX
|
| 999 |
|
|
|c 2101547
|d 2103477
|